000 00730nam a2200265Ia 4500
003 OSt
005 20220928125434.0
006 a|||||r|||| 00| 0
007 ta
008 220927b |||||||| |||| 00| 0 eng d
024 _a66751
037 _cTextual
040 _aSDCL
_cSDCL
_beng
041 _2eng
_aeng
082 _aD6513, P5
100 _aGray Paul R
_9469556
245 0 _aAnalysis and design of analog integrated circuits
250 _a4
260 _aNew York
_b John Wiley
_c2005
300 _axvii,875p
_ccm.
650 _aAnalog Circuits-Electronics
_9455188
700 _a Hurst Paul J
_9469557
942 _hD6513, P5
_cTEXL
_2CC
999 _c782248
_d782248